<?xml version="1.0" encoding="UTF-8"?>
<collection xmlns:xsi="http://www.w3.org/2001/XMLSchema-instance" xsi:schemaLocation="http://www.loc.gov/MARC21/slim http://www.loc.gov/standards/marcxml/schema/MARC21slim.xsd" xmlns="http://www.loc.gov/MARC21/slim">
 <record>
  <leader>00000cmm a22000004a 4500</leader>
  <controlfield tag="001">UP-99796217611211994</controlfield>
  <controlfield tag="003">Buklod</controlfield>
  <controlfield tag="005">20140423141757.0</controlfield>
  <controlfield tag="006">m    go  j        </controlfield>
  <controlfield tag="007">cr cn |||aaaaa</controlfield>
  <controlfield tag="008">110122s2011    xx         u |      eng d</controlfield>
  <datafield tag="020" ind1=" " ind2=" ">
   <subfield code="a">9783642179433 (eBook)</subfield>
  </datafield>
  <datafield tag="020" ind1=" " ind2=" ">
   <subfield code="a">3642179436 (eBook)</subfield>
  </datafield>
  <datafield tag="035" ind1=" " ind2=" ">
   <subfield code="a">(iLib)UPD-00214608136</subfield>
  </datafield>
  <datafield tag="040" ind1=" " ind2=" ">
   <subfield code="a">DML</subfield>
  </datafield>
  <datafield tag="041" ind1="0" ind2=" ">
   <subfield code="a">eng</subfield>
  </datafield>
  <datafield tag="042" ind1=" " ind2=" ">
   <subfield code="a">DMLUC</subfield>
  </datafield>
  <datafield tag="084" ind1=" " ind2=" ">
   <subfield code="a">TA 165</subfield>
   <subfield code="b">N49 2011eb</subfield>
  </datafield>
  <datafield tag="245" ind1="0" ind2="0">
   <subfield code="a">New developments and applications in sensing technology</subfield>
   <subfield code="h">[electronic resource]</subfield>
   <subfield code="c">Subhas Chandra Mukhopadhyay, Aimé Lay-Ekuakille, Anton Fuchs, editors.</subfield>
  </datafield>
  <datafield tag="264" ind1=" " ind2="1">
   <subfield code="a">Berlin</subfield>
   <subfield code="b">Springer</subfield>
   <subfield code="c">c2011.</subfield>
  </datafield>
  <datafield tag="300" ind1=" " ind2=" ">
   <subfield code="a">1 online resource (x, 331 p.)</subfield>
   <subfield code="b">ill. (some col.)</subfield>
  </datafield>
  <datafield tag="490" ind1="0" ind2=" ">
   <subfield code="a">Lecture Notes in Electrical Engineering</subfield>
   <subfield code="v">83</subfield>
  </datafield>
  <datafield tag="505" ind1="0" ind2=" ">
   <subfield code="a">Detection micro-cracks on metal surfaces using near-field microwave dual-behaviour resonators.-Improving the energy efficiency of wireless sensors through smart antenna design .-Planar electromagnetic sensor for the detection of nitrate and contamination in natural water sources using electrochemical impedance spectroscopy approach  -- Current Reconstruction Algorithms in Electrical Capacitance Tomography.-Non-destructive control of metallic plate with magnetic techniques .-Gas Sensing Characteristics of Pure and ZnO-Modified Fe2O3 Thick Films .-Design and Construction of a Configurable Full-Field Range Imaging System for Mobile Robotic Applications.-Cr2O3-doped BaTiO3 as an Ammonia Gas Sensor .-Physical and electrical modeling of interdigitated electrode arrays for bioimpedance spectroscopy.-Water Quality Assessment through Smart Sensing and Computational Intelligence.-Multi-spectral Analytical Systems Using LIBS and LII Techniques.-Electromechanical sensors based on carbon nanotube network and their polymer composites  -- &lt;Novel planar interdigital sensors for detection of domoic acid in seafood .-Nano-biosensor development for biomedical and environmental measurements .-Nondestructive Evaluations of Iron-based Materials by using AC and DC Electromagnetic Sensors .-STACK: Sparse Timing of Algorithms using Computational Knowledge .-A New Approach to Estimation of  Protein Networks for Cell Cycle  based on Least-Squares Method.</subfield>
  </datafield>
  <datafield tag="506" ind1=" " ind2=" ">
   <subfield code="a">IP-based subscription, access limited to within on-campus computer network.</subfield>
   <subfield code="c">Access via Electronic Resources of the UPD University Library Website.</subfield>
  </datafield>
  <datafield tag="520" ind1=" " ind2=" ">
   <subfield code="a">This book has focussed on different aspects of smart sensors and sensing technology, i.e. intelligent measurement, information processing, adaptability, recalibration, data fusion, validation,  high reliability and integration of novel and high performance sensors in the areas of magnetic, ultrasonic, vision and image sensing, wireless sensors and network, microfluidic, tactile, gyro, flow, surface acoustic wave, humidity and ultra-wide band. While future interest in this field is ensured by the constant supply of emerging modalities, techniques and engineering solutions, as well as an increasing need from aging structures, many of the basic concepts and strategies have already matured and now offer opportunities to build upon. The book has primarily been focussed for postgraduate and research students working on different aspects of design and developments of smart sensors and sensing technology.</subfield>
  </datafield>
  <datafield tag="533" ind1=" " ind2=" ">
   <subfield code="a">Electronic reproduction.</subfield>
   <subfield code="b">New York</subfield>
   <subfield code="c">SpringerLink</subfield>
   <subfield code="d">2011.</subfield>
   <subfield code="n">Available via World Wide Web through SpringerLink.</subfield>
  </datafield>
  <datafield tag="650" ind1=" " ind2="0">
   <subfield code="a">Sensor networks.</subfield>
  </datafield>
  <datafield tag="650" ind1=" " ind2="0">
   <subfield code="a">Detectors.</subfield>
  </datafield>
  <datafield tag="650" ind1=" " ind2="0">
   <subfield code="a">Autonomous robots.</subfield>
  </datafield>
  <datafield tag="650" ind1=" " ind2="0">
   <subfield code="a">Electronic books.</subfield>
  </datafield>
  <datafield tag="700" ind1="1" ind2=" ">
   <subfield code="a">Mukhopadhyay, Subhas Chandra.</subfield>
  </datafield>
  <datafield tag="700" ind1="1" ind2=" ">
   <subfield code="a">Lay-Ekuakille, Aimé.</subfield>
  </datafield>
  <datafield tag="700" ind1="1" ind2=" ">
   <subfield code="a">Fuchs, Anton</subfield>
   <subfield code="d">1977-.</subfield>
  </datafield>
  <datafield tag="710" ind1="2" ind2=" ">
   <subfield code="a">SpringerLink (Online service).</subfield>
  </datafield>
  <datafield tag="856" ind1="4" ind2="0">
   <subfield code="y">Available for University of the Philippines Diliman via SpringerLink. Click here to access</subfield>
   <subfield code="u">http://link.springer.com/book/10.1007/978-3-642-17943-3</subfield>
  </datafield>
  <datafield tag="905" ind1=" " ind2=" ">
   <subfield code="a">FO</subfield>
  </datafield>
  <datafield tag="950" ind1=" " ind2=" ">
   <subfield code="a">Monograph</subfield>
  </datafield>
  <datafield tag="852" ind1="0" ind2=" ">
   <subfield code="a">UPD</subfield>
   <subfield code="b">DMLR</subfield>
  </datafield>
  <datafield tag="942" ind1=" " ind2=" ">
   <subfield code="a">Electronic Resource</subfield>
  </datafield>
 </record>
</collection>
